000 00406nam a22001697a 4500
003 MPLRDC
005 20220104172538.0
008 210129b ||||| |||| 00| 0 eng d
082 _a859.6 SMA v.6
100 _aNANDITA SINHA
245 _aSMARTY, READING IS FUN, VOLUMN 6
_c
250 _a初版
260 _a
_bSMART
_c
300 _b
650 _aCHILDREN LITERATURE
942 _cBK
_o859.6 SMA v.6
999 _c59002
_d58992